000
00247nam a22000977a 4500
008
260413b |||||||| |||| 00| 0 eng d
020
_a
9789352755455
100
_a
Pilkey Dav
_9
7862
245
_a
Dog Man And Cat Kid
260
_a
India
_b
Scholastic
_c
2024
999
_c
12855
_d
12855